01645nam a2200313 a 4500001001000000005001700010008004100027041000800068044000800076084002000084100004500104245016700149250000600316260003600322300002200358500020900380500011600589500019700705500006300902500001000965546002400975650005200999650005601051650003401107650004501141700003901186700005601225740005001281BRCA_321520190320204152.0270209s1766----enka---###---#000-0#eng-# aeng aenk a516b.T66c17661 aCervantes Saavedra, Miguel ded1547-161610aThe Life and Exploits of the Ingenious Gentleman Don Quixote de la ManchacTranslated from the Original Spanish of Miguel de Cervantes Saavedra by Charles Jarvis. a4 aLondresbJ. and R. Tonsonc1766 a4 v.bil.c18 cm. aContenido : v.1. Primera parte. Prefacio del traductor. Vida de Cervantes extracto de la escrita por Mayáns. Prólogo del autor. -- v.2. Texto. -- v.3. Segunda parte. Prólogo del autor. -- v.4. Texto aEdición : The Whole Carefully revised and corrected, with a new translation of the Poet Parts by Another Hand aCuarta edición de la traducción de Jarvis, copia de la segunda, públicada en 1749, pero en menor tamaño y en 4 volúmenes. Piel; lomeras adornadas con filetes dorados Lúdovik Osterc aEstado físico : Encuadernación ligeramente desprendida aQM416 aTexto en : inglés14aNovela españolayÉpoca clásica, 1500-170014aLiteratura españolayÉpoca clásica, 1500-170014aNovela españolaySiglo XVII14aDon Quijote (Personaje ficticio)eNovela1 aJarvis, Charlesd?-1739eTraductor1 aMayáns I. Siscar, Gregoriod1699-1781eBiógrafo0 aEl Ingenioso Hidalgo Don Quijote de la Mancha